000 00319nam a22001337a 4500
999 _c528231
_d528231
003 NUST
038 _aMSOHAIL
082 _a388.10967
_bCHR
100 _aLuc Christiaensen
_919871
245 _aDown to Earth argriculture and poverty
260 _aUSA
_bThe World Bank
_c2006
300 _aP;105
_b25cm
942 _2ddc
_cBK